| 000 | 00492nam a2200181 a 4500 | ||
|---|---|---|---|
| 005 | 20140310183333.0 | ||
| 008 | 060829s19uu xx 00 eng d | ||
| 020 | _a9780072253641 | ||
| 050 |
_aQA 76.9.D32 _b.Op5 2004 |
||
| 100 | _aOppel, Andrew J. | ||
| 245 |
_aDatabases demystified / _cAndrew J. Oppel. |
||
| 260 |
_aNew York : _bMcGraw-Hill/Osborne, _c2004. |
||
| 300 |
_a338 p. : _bill. ; _c25 cm. |
||
| 521 | _aIT | ||
| 650 | _aDatabases. | ||
| 942 |
_cBK _2lcc _kFOR |
||
| 999 |
_c21630 _d21630 |
||